Carregando...

Cellular and molecular basis of cholinergic function

Detalhes bibliográficos
Autor principal: Dowdall, M J
Outros Autores: Hawthorne, J N
Formato: Printed Book
Idioma:Undetermined
English
Publicado em: England Ellis Horwood 1987
Assuntos:
LEADER 00591nam a2200181Ia 4500
008 140306s9999 xx 000 0 und d
041 |a eng 
082 |a 547  |b DOW/CE 
100 |a Dowdall, M J 
700 |a Hawthorne, J N 
245 |a Cellular and molecular basis of cholinergic function 
260 |a England  |b Ellis Horwood  |c 1987 
300 |a 941 
365 |b DM.340 
650 |a Organic chemistry 
942 |2 ddc  |c BK 
999 |c 115259  |d 115259 
952 |0 0  |1 0  |2 ddc  |4 0  |6 547_000000000000000_DOWCE  |7 0  |9 113631  |a KAUHCV  |b KAUHCV  |d 2002-04-23  |g 340.00  |o 547 DOW/CE  |p KAU_HCV-23177  |r 2014-03-22  |w 2014-03-22  |y BK